000 00631nam a2200181Ia 4500
005 20250508163321.0
008 008 250505s9999 xx 000 0 eng d
037 _aTextual
040 _aFEDL
_beng
_cFEDL
041 _aeng
_2eng
084 _a379.5, UNE
_qFEDL
245 0 _aEducation in Asia and the Pacific:Review reports and notes
245 0 _cUNESCO: Principal Regional Office for Education in Asia and the Pacific (Bngkok)
260 _aBangkok, Thailand
_bUNESCO Regional Office for Education in Asia and the Pacific
_c1988
300 _a122p
942 _cTEXL
_h379.5, UNE
999 _c1382279
_d1382279